Welcome to CU Library Online Public Access Catalogue (OPAC)

Partnership accounting in Ghana; (Record no. 4011)

MARC details
000 -LEADER
fixed length control field 00405nam a22001577a 4500
005 - DATE AND TIME OF LATEST TRANSACTION
control field 20250221091331.0
008 - FIXED-LENGTH DATA ELEMENTS--GENERAL INFORMATION
fixed length control field 250221b |||||||| |||| 00| 0 eng d
020 ## - INTERNATIONAL STANDARD BOOK NUMBER
International Standard Book Number 9988776403
050 ## - LIBRARY OF CONGRESS CALL NUMBER
Classification number HF5686
Item number .P225 ARK
100 ## - MAIN ENTRY--PERSONAL NAME
Personal name Arku, J ACOB S.
245 ## - TITLE STATEMENT
Title Partnership accounting in Ghana;
Remainder of title text and problems
260 ## - PUBLICATION, DISTRIBUTION, ETC.
Place of publication, distribution, etc. Accra
Date of publication, distribution, etc. c1997
300 ## - PHYSICAL DESCRIPTION
Extent 195p
700 ## - ADDED ENTRY--PERSONAL NAME
Personal name Tengey, Anthony
942 ## - ADDED ENTRY ELEMENTS (KOHA)
Source of classification or shelving scheme Library of Congress Classification
Koha item type Books
Suppress in OPAC No
999 ## -
-- 4011
-- 4011
Holdings
Withdrawn status Lost status Source of classification or shelving scheme Damaged status Not for loan Collection Home library Current library Shelving location Date acquired Total checkouts Full call number Barcode Date last seen Copy number Price effective from Koha item type
    Library of Congress Classification     Non-fiction Undergraduate Library (Christ Temple) Undergraduate Library (Christ Temple) General stacks 02/21/2025   HF5686.P225 ARK ulct00001304 02/21/2025 1 02/21/2025 Books
    Library of Congress Classification     Non-fiction Undergraduate Library (Christ Temple) Undergraduate Library (Christ Temple) General stacks 02/21/2025   HF5686.P225 ARK ulct00001305 02/21/2025 2 02/21/2025 Books
    Library of Congress Classification     Non-fiction Undergraduate Library (Christ Temple) Undergraduate Library (Christ Temple) General stacks 02/21/2025   HF5686.P225 ARK ulct00001306 02/21/2025 3 02/21/2025 Books
© 2023-2024 Copyright: Central University Libraries. All Rights Reserved | Created by: Mahone Tech Office